Least Populated States (1890-2000) Quiz Stats

 Plays Quiz Updated Aug 9, 2013

Support Sporcle.
Go Orange.
Score 0/120 Timer 02:00
2 Plays Today
Year State % Correct
1910North Dakota
92.7%
1950North Dakota
92.7%
1960North Dakota
92.7%
1970North Dakota
92.7%
1980North Dakota
92.7%
1990North Dakota
92.7%
2000North Dakota
92.7%
1900North Dakota
92.7%
1890North Dakota
92.7%
1900South Dakota
92%
1890South Dakota
92%
1950South Dakota
92%
1970South Dakota
92%
1980South Dakota
92%
1990South Dakota
92%
2000South Dakota
92%
1960Alaska
90.9%
1970Alaska
90.9%
1980Alaska
90.9%
1990Alaska
90.9%
2000Alaska
90.9%
1910Montana
90.4%
1900Montana
90.4%
1890Montana
90.4%
1920Montana
90.4%
1930Montana
90.4%
1940Montana
90.4%
1950Montana
90.4%
1960Montana
90.4%
1970Montana
90.4%
1980Montana
90.4%
1990Montana
90.4%
2000Montana
90.4%
1900Wyoming
89.7%
1890Wyoming
89.7%
1910Wyoming
89.7%
1920Wyoming
89.7%
1930Wyoming
89.7%
1940Wyoming
89.7%
1950Wyoming
89.7%
Year State % Correct
1960Wyoming
89.7%
1970Wyoming
89.7%
1980Wyoming
89.7%
1990Wyoming
89.7%
2000Wyoming
89.7%
1890Idaho
87.3%
1910Idaho
87.3%
1920Idaho
87.3%
1930Idaho
87.3%
1940Idaho
87.3%
1950Idaho
87.3%
1960Idaho
87.3%
1970Idaho
87.3%
1980Idaho
87.3%
1990Idaho
87.3%
1900Idaho
87.3%
1960Hawaii
84.2%
1990Hawaii
84.2%
2000Hawaii
84.2%
1920New Mexico
83.3%
1930New Mexico
83.3%
1940New Mexico
83.3%
1950New Mexico
83.3%
1910Rhode Island
81.7%
1890Rhode Island
81.7%
1990Rhode Island
81.7%
2000Rhode Island
81.7%
1900Utah
79.3%
1910Utah
79.3%
1920Utah
79.3%
1930Utah
79.3%
1940Utah
79.3%
1910Vermont
78.7%
1920Vermont
78.7%
1930Vermont
78.7%
1940Vermont
78.7%
1950Vermont
78.7%
1960Vermont
78.7%
1970Vermont
78.7%
1980Vermont
78.7%
Year State % Correct
1990Vermont
78.7%
2000Vermont
78.7%
1900Vermont
78.7%
1890Vermont
78.7%
1920Arizona
77.5%
1930Arizona
77.5%
1940Arizona
77.5%
1910Nevada
77.4%
1920Nevada
77.4%
1930Nevada
77.4%
1940Nevada
77.4%
1950Nevada
77.4%
1960Nevada
77.4%
1970Nevada
77.4%
1980Nevada
77.4%
1900Nevada
77.4%
1890Nevada
77.4%
1890Oregon
77.2%
1910New Hampshire
74.3%
1920New Hampshire
74.3%
1930New Hampshire
74.3%
1940New Hampshire
74.3%
1950New Hampshire
74.3%
1960New Hampshire
74.3%
1970New Hampshire
74.3%
1980New Hampshire
74.3%
2000New Hampshire
74.3%
1900New Hampshire
74.3%
1910Delaware
68.3%
1920Delaware
68.3%
1930Delaware
68.3%
1940Delaware
68.3%
1950Delaware
68.3%
1960Delaware
68.3%
1970Delaware
68.3%
1980Delaware
68.3%
1990Delaware
68.3%
2000Delaware
68.3%
1900Delaware
68.3%
1890Delaware
68.3%

From the Vault

K-pop Acronyms

by Desidea

Music 3m
And none of you will be able to tell if the acronym is made up or not.
Remove Ads.
Support Sporcle.
Get the best of Sporcle when you Go Orange. This ad-free experience offers more features, more stats, and more fun while also helping to support Sporcle. Thank you for becoming a member.

Show Comments

Extras

Top Quizzes Today


Score Distribution

Your Account Isn't Verified!

In order to create a playlist on Sporcle, you need to verify the email address you used during registration. Go to your Sporcle Settings to finish the process.

Report this User

Report this user for behavior that violates our Community Guidelines.

Details: